Normal view
MARC view
- BIOGRAPHY & AUTOBIOGRAPHY / Personal Memoirs
Entry Topical Term
001 - CONTROL NUMBER
- control field: 126029
003 - CONTROL NUMBER IDENTIFIER
- control field: NUST
005 - DATE AND TIME OF LATEST TRANSACTION
- control field: 20240924121335.0
008 - FIXED-LENGTH DATA ELEMENTS
- fixed length control field: 240924|| aca||aabn | a|a d
040 ## - CATALOGING SOURCE
- Original cataloging agency: NUST
- Transcribing agency: NUST
150 ## - HEADING--TOPICAL TERM
- Topical term or geographic name entry element: BIOGRAPHY & AUTOBIOGRAPHY / Personal Memoirs
670 ## - SOURCE DATA FOUND
- Source citation: Work cat.: (NUST)611540: Kalanithi, Paul 126019, When breath becomes air /, 2018.
